000 00859cam a22002411 4500
001 he 68003439
003 DLC
005 20260227111505.0
008 960729s1967 is c 000 0 hebr
010 _ahe 68003439
025 _aPL480:Is-7679
035 _a(OCoLC)35157684
040 _aDLC
_cCLU
_dCLU
_dDLC
050 0 0 _aDS109.3
_b.M6
110 1 _aMoʻatsah ha-datit, Ramat-Gan.
245 0 0 _aReshimat ha-mutsagim be-taʻarukhat ha-kotel ha-maʻaravi,
_bleregel ḥagigat ḥanukat hasifriya hatoranit uftiḥata latsibur ..
_cʻArukha beḥofza ʻal yede Meʼir Ṿender.
260 _a[Ramat-Gan]
_bhamoʻatsa hadatit, Ramat-Gan
_c[1967]
300 _a8 l.
_c21 cm.
500 _aCover title.
500 _aCatalog of an exhibition opening on Dec. 5, 1967.
650 0 _aWestern Wall (Jerusalem)
_xExhibitions.
700 1 _aṾunder, Meʼir,
_eed.
999 _c33879
_d33879